MARC details
| 000 -LEADER |
| fixed length control field |
01069cam a2200325 i 4500 |
| 001 - CONTROL NUMBER |
| control field |
200429938 |
| 003 - CONTROL NUMBER IDENTIFIER |
| control field |
TR-AnTOB |
| 005 - DATE AND TIME OF LATEST TRANSACTION |
| control field |
20230606113053.0 |
| 007 - PHYSICAL DESCRIPTION FIXED FIELD--GENERAL INFORMATION |
| fixed length control field |
ta |
| 008 - FIXED-LENGTH DATA ELEMENTS--GENERAL INFORMATION |
| fixed length control field |
070928m20072018turd d01 d tur d |
| 020 ## - INTERNATIONAL STANDARD BOOK NUMBER |
| International Standard Book Number |
9789752430532 |
| 040 ## - CATALOGING SOURCE |
| Original cataloging agency |
TR-AnTOB |
| Language of cataloging |
eng |
| Description conventions |
rda |
| Transcribing agency |
TR-AnTOB |
| Modifying agency |
TR-AnTOB |
| 041 0# - LANGUAGE CODE |
| Language code of text/sound track or separate title |
Türkçe |
| 050 00 - LIBRARY OF CONGRESS CALL NUMBER |
| Classification number |
DF901.P4 |
| 090 ## - LOCALLY ASSIGNED LC-TYPE CALL NUMBER (OCLC); LOCAL CALL NUMBER (RLIN) |
| Classification number (OCLC) (R) ; Classification number, CALL (RLIN) (NR) |
DF901.P4 |
| Local cutter number (OCLC) ; Book number/undivided call number, CALL (RLIN) |
E78 2018 |
| 100 1# - MAIN ENTRY--PERSONAL NAME |
| Personal name |
Ertaş, Mehmet Yaşar |
| Relator term |
author |
| 9 (RLIN) |
40023 |
| 245 10 - TITLE STATEMENT |
| Title |
Sultanın ordusu : |
| Remainder of title |
1715 Mora Seferi'nde organizasyon ve lojistik / |
| Statement of responsibility, etc. |
Mehmet Yaşar Ertaş. |
| 246 30 - VARYING FORM OF TITLE |
| Title proper/short title |
1715 Mora Seferi'nde organizasyon ve lojistik |
| 264 #1 - PRODUCTION, PUBLICATION, DISTRIBUTION, MANUFACTURE, AND COPYRIGHT NOTICE |
| Place of production, publication, distribution, manufacture |
İstanbul : |
| Name of producer, publisher, distributor, manufacturer |
Kronik, |
| Date of production, publication, distribution, manufacture, or copyright notice |
2018. |
| 300 ## - PHYSICAL DESCRIPTION |
| Extent |
368 pages ; |
| Dimensions |
21 cm. |
| 336 ## - CONTENT TYPE |
| Content type term |
text |
| Source |
rdacontent |
| 337 ## - MEDIA TYPE |
| Media type term |
unmediated |
| Source |
rdamedia |
| 338 ## - CARRIER TYPE |
| Carrier type term |
volume |
| Source |
rdacarrier |
| 490 0# - SERIES STATEMENT |
| Series statement |
Kronik Kitap ; |
| Volume/sequential designation |
54 |
| Series statement |
Osmanlı tarihi dizisi ; |
| Volume/sequential designation |
20 |
| 504 ## - BIBLIOGRAPHY, ETC. NOTE |
| Bibliography, etc. note |
|
| 651 #7 - SUBJECT ADDED ENTRY--GEOGRAPHIC NAME |
| Geographic name |
Peloponnesus (Yunanistan: Yarımada) |
| General subdivision |
Tarih |
| Source of heading or term |
etuturkob |
| 9 (RLIN) |
120450 |
|
| Geographic name |
Türkiye |
| General subdivision |
Tarih, Askeri |
| 9 (RLIN) |
26368 |
| 942 ## - ADDED ENTRY ELEMENTS (KOHA) |
| Source of classification or shelving scheme |
Library of Congress Classification |
| Koha item type |
Book |